Statistics for World Landmarks #1

Click here to take the quiz!

General Stats

  • This quiz has been taken 18 times
  • The average score is 12 of 16

Answer Stats

Answer% Correct
Big Ben
100%
Statue Of Liberty
100%
Colosseum
94%
Eiffel Tower
94%
Golden Gate Bridge
94%
Sydney Opera House
94%
Leaning Tower Of Pisa
88%
Taj Mahal
88%
Brandenburg Gate
76%
Machu Picchu
71%
Buckingham Palace
59%
Pyramids Of Giza
59%
Petra
53%
Arc De Triomphe
47%
Chichen Itza
41%
St. Basil's Cathedral
35%

Score Distribution

Percentile by Number Answered

Percent of People with Each Score

Your Score History

You have not taken this quiz